Manual de derecho migratorio americano : (Registro nro. 8070)

Detalles MARC
000 -LIDER
fixed length control field 01717nam a2200325 a 4500
001 - NÚMERO DE CONTROL
Identificador de número de control 000045622
003 - IDENTIFICACDOR DE NÚMERO DE CONTROL
control field DO-SdBNP
005 - DATE AND TIME OF LATEST TRANSACTION
control field 20210416113610.0
007 - CAMPOS FIJOS DE DESCRIPCIÓN FÍSICA
fixed length control field 000045622
008 - ELEMENTOS DE LONGITUD FIJA
fixed length control field 150417s2012 dr 000 0 spa d
020 ## - ISBN
International Standard Book Number 9789945479102
040 ## - FUENTE DE CATALOGACIÓN
Agencia que crea de manera original el registro BPMSU
Idioma de catalogación spa
Agencia que realiza la transcripción BPMSU
082 ## - NÚMERO DE CLASIFICACIÓN DECIMAL DE DEWEY
Classification number 341.4842
Item number B431m, 2012
Edition number 22
100 1# - ASIENTO PRINCIPAL -- NOMBRE PERSONAL
Nombre personal Belisario Medina, Rafael
245 10 - MENCIÓN DE TITULO
Título Manual de derecho migratorio americano :
Subtítulo instructivo sobre las leyes y regulaciones migratorias de los Estados Unidos de America /
Mención de responsabilidad Rafael Belisario Medina ; prólogo Juan Freddy Armando.
260 ## - PUBLICACIÓN, DISTRIBUCIÓN, ETC. (PIE DE IMPRENTA)
Lugar de publicación, distribución, etc Santo Domingo :
Nombre del editor, distribuidor, etc. Fundación Dominico-Americana de Inmigrantes,
Fecha de publicación, distribución, etc 2012.
300 ## - DESCRIPCIÓN FÍSICA
Extensión 657 p. ;
Dimensiones 24 cm.
500 ## - NOTA GENERAL
Nota general Incluye datos biográficos del autor en la solapa de la cubierta
505 0# - NOTA DE CONTENIDO
Texto normalizado de contenido Historia legislativa y desarrollo del derecho migratorio de los Estados Unidos de América --
Información miscelánea Segunda parte :
Título Categorías de los visados americanos y sus procedimientos consulares --
Información miscelánea Tercera parte :
Título Los procesos de deportación y exclusión en los Estados Unidos de América --
Información miscelánea Cuarta parte :
Título Proceso de naturalización en los Estados Unidos de América --
Información miscelánea Quinta parte :
Título Procesos de refugio y asilo en los Estados Unidos de América --
590 ## - NOTA LOCAL
Enlace Inventariado, 2021/VM
650 #4 - ENCABEZAMIENTO DE MATERIA--TEMÁTICO
Término temático o nombre geográfico como elemento de entrada Ley de emigración e inmigración
Subdivisión geográfica Estados Unidos
Término temático seguido del nombre geográfico como elemento de entrada
Subdivisión temática general
650 #4 - ENCABEZAMIENTO DE MATERIA--TEMÁTICO
Término temático o nombre geográfico como elemento de entrada Política migratoria
Subdivisión geográfica Estados Unidos
651 #4 - ENCABEZAMIENTO DE MATERIA--NOMBRE GEOGRÁFICO
Nombre geográfico Estados Unidos
Subdivisión temática general Emigración e Inmigración
Subdivisión de forma Legislación
651 #4 - ENCABEZAMIENTO DE MATERIA--NOMBRE GEOGRÁFICO
Nombre geográfico Estados Unidos
Subdivisión temática general Emigración e Inmigración
Subdivisión de forma Formularios
651 #4 - ENCABEZAMIENTO DE MATERIA--NOMBRE GEOGRÁFICO
Nombre geográfico Estados Unidos
Subdivisión temática general Emigración e Inmigración
Subdivisión de forma Procedimientos legales
700 12 - ASIENTO SECUNDARIO -- NOMBRE PERSONAL
Nombre personal Armando, Juan Freddy,
Mención de responsabilidad pról.
910 ## - VALIDACIÓN
Validación VMateo
942 ## - ADDED ENTRY ELEMENTS (KOHA)
Source of classification or shelving scheme Dewey Decimal Classification
Koha item type Libros
945 ## - INFORMACIÓN DE PROCESAMIENTO LOCAL
Información de procesamiento local
Existencias
Withdrawn status Lost status Source of classification or shelving scheme Damaged status Not for loan Collection code Home library Current library Date acquired Source of acquisition Total Checkouts Full call number Barcode Date last seen Price effective from Koha item type Copy number
    Dewey Decimal Classification     Colección Dominicana Biblioteca Pública Metropolitana Salomé Ureña Biblioteca Pública Metropolitana Salomé Ureña 08/05/2015 Rafael Blisario Médina   BPMSU CD 341.4842 B431m 2012 BPMSU15080052 08/05/2015 08/05/2015 Libros  
    Dewey Decimal Classification     Colección Dominicana Biblioteca Pública Metropolitana Salomé Ureña Biblioteca Pública Metropolitana Salomé Ureña 08/05/2015 Rafael Blisario Médina   BPMSU CD 341.4842 B431m 2012 BPMSU15080053 08/05/2015 08/05/2015 Libros e. 2
    Dewey Decimal Classification     Colección Dominicana Biblioteca Pública Metropolitana Salomé Ureña Biblioteca Pública Metropolitana Salomé Ureña 08/05/2015 Rafael Blisario Médina   BPMSU CD 341.4842 B431m 2012 BPMSU15080054 08/05/2015 08/05/2015 Libros e. 3